| 000 | 01520nac a22004337a 4500 | ||
|---|---|---|---|
| 001 | BR8100941 | ||
| 003 | BR-BrBNA | ||
| 005 | 20240105114923.0 | ||
| 008 | 230509b bl.|||m| |||| 00| 0 por d | ||
| 040 |
_aBR-BrBNA _bpor _cBiblioteca Nacional de Agricultura |
||
| 072 | _aL50; L36 | ||
| 090 | _a5212 BR8100941 | ||
| 100 | 1 | _aBrum, P.A.R. de | |
| 100 | 1 | _aSouza, J.C. de | |
| 100 | 1 | _aAlmeida, I.L. de | |
| 100 | 1 | _aComastri Filho, J.A. | |
| 100 | 1 | _aPott, E.B. | |
| 100 | 1 | _aVieira, L.M. | |
| 100 | 1 | _aCosta Junior, E.M.A. | |
| 100 | 1 | _aTullio, R.R. | |
| 110 | 1 |
_aUnidade de Execucao de Pesquisa de Ambito Estadual de Corumba, MS (Brasil) _910360 |
|
| 245 | 1 | _aNiveis de manganes, zinco e cobre nas forrageiras e no figado de bovinos na sub-regiao dos Paiaguas, Pantanal Matogrossense [Brasil] | |
| 246 | 1 | _a[Manganese, zinc and copper levels in forage plants and in bovine liver in the sub-region of Paiaguas, Pantanal Matogrossense [Brazil]] | |
| 260 | 3 |
_aCorumba, MS (Brasil): _c1980. |
|
| 300 | _a6 p. | ||
| 490 |
_aComunicado Tecnico - Unidade de Execucao de Pesquisa de Ambito Estadual de Corumba (Brazil) _vno. 3 _xISSN 0100-820X |
||
| 500 | _a6 ref. | ||
| 650 | _aBioquimica animal | ||
| 650 | _aComposicao de alimento | ||
| 650 | _aBovino | ||
| 650 | _aPlanta forrageira | ||
| 650 | _aManganes | ||
| 650 | _aZinco | ||
| 650 | _aCobre | ||
| 650 | _aFigado | ||
| 650 | _aPantanal Matogrossense | ||
| 909 |
_a202312 _bLúcia Elande _c55 _dLúcia Elande |
||
| 942 |
_2AGRIS _n0 _cMS |
||
| 999 |
_c272050 _d272050 |
||